Westminster CC v Clarke (Record no. 34203)
[ view plain ]
| 000 -LEADER | |
|---|---|
| fixed length control field | 01828cab a2200313 4500 |
| 001 - CONTROL NUMBER | |
| control field | ABS45941 |
| 008 - FIXED-LENGTH DATA ELEMENTS--GENERAL INFORMATION | |
| fixed length control field | 090401t1992 xxu||||| |||| 00| 0 eng d |
| 035 ## - SYSTEM CONTROL NUMBER | |
| System control number | (Sirsi) u55997 |
| 041 ## - LANGUAGE CODE | |
| Language code of text/sound track or separate title | eng |
| 245 ## - TITLE STATEMENT | |
| Title | Westminster CC v Clarke |
| 260 ## - PUBLICATION, DISTRIBUTION, ETC. | |
| Date of publication, distribution, etc. | 1992 |
| 350 ## - PRICE (NR) (BK AM CF MU VM SE) [OBSOLETE] | |
| Price | 0 |
| 490 ## - SERIES STATEMENT | |
| Series statement | New Law Journal |
| Volume/sequential designation | 142(6539) 14 February 1992, 196-200 |
| 520 ## - SUMMARY, ETC. | |
| Summary, etc. | HL 6 February 1992. The council (W) decided that the respondent C, was a vulnerable person who was homeless and had a priority need of accommodation under Housing Act 1885 s59(1)(c) and placed him in a hostel as a first step towards housing him. C was granted a `license to occupy` which provided that he had no right of exclusive occupation of any room which might be allocated to him and it did not create a landlord and tenant relationship. Under the license W could alter the accommodation without notice and could require the licensee to share that accommodation. Six months later W served C with a notice to quit for breaches of the conditions of occupation arising out of his conduct. When he refused W brought proceedings in the county court claiming possession. The judge held C was not a secure tenant under Housing Act 1985 part IV and granted a possession order. C applied to CA which allowed his appeal. W applied to HL which allowed the appeal on the grounds that C had never enjoyed |
| 650 ## - SUBJECT ADDED ENTRY--TOPICAL TERM | |
| Topical term or geographic name entry element | EXCLUSIVE OCCUPATION |
| 650 ## - SUBJECT ADDED ENTRY--TOPICAL TERM | |
| Topical term or geographic name entry element | EXCLUSIVE POSSESSION |
| 650 ## - SUBJECT ADDED ENTRY--TOPICAL TERM | |
| Topical term or geographic name entry element | HOMELESSNESS |
| 650 ## - SUBJECT ADDED ENTRY--TOPICAL TERM | |
| Topical term or geographic name entry element | HOUSING ACT 1985 PART IV |
| 650 ## - SUBJECT ADDED ENTRY--TOPICAL TERM | |
| Topical term or geographic name entry element | HOUSING ACT 1985 S59(1)(C) |
| 650 ## - SUBJECT ADDED ENTRY--TOPICAL TERM | |
| Topical term or geographic name entry element | LEASE V LICENCE |
| 650 ## - SUBJECT ADDED ENTRY--TOPICAL TERM | |
| Topical term or geographic name entry element | LICENCES TO OCCUPY |
| 650 ## - SUBJECT ADDED ENTRY--TOPICAL TERM | |
| Topical term or geographic name entry element | NOTICE TO QUIT |
| 650 ## - SUBJECT ADDED ENTRY--TOPICAL TERM | |
| Topical term or geographic name entry element | PRIORITY NEED |
| 650 ## - SUBJECT ADDED ENTRY--TOPICAL TERM | |
| Topical term or geographic name entry element | RENT ACTS |
| 650 ## - SUBJECT ADDED ENTRY--TOPICAL TERM | |
| Topical term or geographic name entry element | SECURE TENANCIES |
| 690 ## - LOCAL SUBJECT ADDED ENTRY--TOPICAL TERM (OCLC, RLIN) | |
| Topical term or geographic name as entry element | LANDLORD AND TENANT-CASE LAW-RESIDENTIAL TENANCIES |
| 942 ## - ADDED ENTRY ELEMENTS (KOHA) | |
| Suppress in OPAC | 0 |
| 948 ## - LOCAL PROCESSING INFORMATION (OCLC); SERIES PART DESIGNATOR (RLIN) | |
| c (OCLC) | 04/03/1997 |
| Withdrawn status | Lost status | Source of classification or shelving scheme | Damaged status | Not for loan | Home library | Current library | Shelving location | Date acquired | Total Checkouts | Full call number | Barcode | Date last seen | Copy number | Price effective from | Koha item type |
|---|---|---|---|---|---|---|---|---|---|---|---|---|---|---|---|
| Dewey Decimal Classification | London | London | Journal article | 14/09/1999 | ABS45941 | 55997-1001 | 06/08/2019 | 1 | 06/08/2019 | Law report |